Geography Quiz

Random Geography or City Quiz
Score 0/32 Timer 10:00
0 Plays Today
% Correct
Central Park, New York, USA
94%
St. Stephen's Green, Dublin, Ireland
70%
Royal Botanic Gardens, Sydney, Australia
65.3%
Shinjuku Gyoen National Garden, Tokyo, Japan
48.7%
Kirstenbosch National Botanical Garden, Cape Town, South Africa
45.3%
Hyde Park, London, UK
40%
Kew Gardens, Richmond Upon Thames, UK
40%
Yuyuan Garden, Shanghai, China
40%
Park Güell, Barcelona, Spain
38.7%
Gardens of the Palace of Versailles, Versailles, France
35.3%
Chapultepec Park, Mexico City, Mexico
28.7%
Luxembourg Gardens, Paris, France
26.7%
Villa Borghese gardens, Rome, Italy
26.7%
Lincoln Park, Chicago, USA
25.3%
Parque Tres de Febrero (Bosques de Palermo), Buenos Aires, Argentina
25.3%
Butchart Gardens, Brentwood Bay, Canada
24%
% Correct
Villa d'Este, Tivoli, Italy
22.7%
Mirabell Palace garden, Salzburg, Austria
22.7%
Englischer Garten, Munich, Germany
21.3%
Sanssouci Palace gardens, Potsdam, Germany
21.3%
Boston Public Garden, Boston, USA
20.7%
Kensington Gardens, London, UK
19.3%
Ryōan-ji garden, Kyoto, Japan
19.3%
Peterhof Palace gardens, St. Petersburg, Russia
18%
Majorelle Garden, Marrakech, Morocco
14.7%
Japanese Tea Garden, Golden Gate Park, San Francisco, USA
14%
Shalimar Garden, Lahore, Pakistan
14%
Keukenhof, Lisse, Netherlands
12.7%
Bukit Timah Nature Reserve, Singapore, Singapore
9.3%
Master of the Nets Garden, Suzhou, China
8.7%
Gardens of the Alcázar de los Reyes Cristianos, Córdoba, Spain
7.3%
Silesian Culture and Recreation Park, Silesian Metropolis, Poland
4.7%
Come Together.
Have Fun.
All Virtual.
We all need to come together. Play Sporcle's virtual live trivia to have fun, connect with people, and get your trivia on. Join a live hosted trivia game for your favorite pub trivia experience done virtually. If a virtual private party is more your thing, go here for details.

You're not logged in!

Compare scores with friends on all Sporcle quizzes.
OR
Log In

Sporcle TV

Today on Sporcle TV


Watch our educational content, quiz creation guides, and fun videos on Sporcle TV.

Show Comments

Extras

Created Jan 10, 2016ReportNominate
Tags:City Quiz, garden, park

Top Quizzes Today


Score Distribution

Paid Content

Your Account Isn't Verified!

In order to create a playlist on Sporcle, you need to verify the email address you used during registration. Go to your Sporcle Settings to finish the process.

Report this User

Report this user for behavior that violates our Community Guidelines.

Details: